Loading...
Philosophy | 0 | 8 | 0 | 0 | 80 | 54 | 95.63 | 1 | 1 |
Literature - European Literature | 0 | 7 | 1 | 2 | 65 | 63 | 114.43 | 2 | 2 |
Religion | 0 | 7 | 1 | 1 | 65 | 45 | 101.14 | 1 | 3 |
Literature - British Literature | 0 | 5 | 0 | 0 | 50 | 19 | 81.40 | 4 | 5 |
Fine Arts - Other Fine Arts | 0 | 5 | 0 | 1 | 50 | 42 | 82.20 | 0 | 1 |
History - European History | 0 | 5 | 0 | 0 | 50 | 42 | 78.60 | 2 | 3 |
History - Other History | 0 | 5 | 1 | 0 | 45 | 40 | 69.20 | 2 | 4 |
Literature - World Literature | 0 | 4 | 0 | 0 | 40 | 14 | 84.00 | 2 | 2 |
Mythology | 0 | 4 | 1 | 0 | 35 | 64 | 93.00 | 1 | 2 |
Literature - American Literature | 0 | 3 | 1 | 1 | 25 | 74 | 113.00 | 1 | 1 |
Fine Arts - Painting & Sculpture | 0 | 3 | 1 | 0 | 25 | 46 | 92.00 | 1 | 1 |
History - World History | 0 | 2 | 0 | 2 | 20 | 112 | 127.50 | 0 | 0 |
Social Science | 0 | 2 | 1 | 1 | 15 | 99 | 103.50 | 0 | 0 |
History - American History | 0 | 1 | 0 | 0 | 10 | 130 | 130.00 | 0 | 0 |
Geography | 0 | 1 | 0 | 1 | 10 | 137 | 137.00 | 0 | 0 |
Fine Arts - Classical Music | 0 | 1 | 0 | 0 | 10 | 82 | 82.00 | 0 | 0 |